000 00488nam a2200193 a 4500
001 1761206691501
003 YourLibrary
005 20251023133622.0
008 251023s1995##################000#0#eng##
020 _a9788121101059
082 0 4 _a588.0954
_bKUM
100 1 _aKumar, S. S.,
_eauthor.
245 1 0 _aRecent Studies on Indian Bryophytes :
260 _c1995.
300 _a280 pages
650 0 _aBryophytes.
942 _cENGLISH
040 _aYourLibrary
_beng
_cYourLibrary
999 _c592906
_d592906